Παρατηρητήριο Βαλκανίων : Βουλγαρία.
Αποθηκεύτηκε σε:
| Συγγραφή απο Οργανισμό/Αρχή: | |
|---|---|
| Μορφή: | Βιβλίο |
| Γλώσσα: | Greek |
| Δημοσίευση: |
Αθήνα :
ΙΣΤΑΜΕ,
1999.
|
| Θέματα: | |
| Ετικέτες: |
Προσθήκη ετικέτας
Δεν υπάρχουν, Καταχωρήστε ετικέτα πρώτοι!
|
MARC
| LEADER | 00000cam a2200000 i 4500 | ||
|---|---|---|---|
| 001 | 1/18933 | ||
| 008 | 010326s1999 gr | ||| |||| ||gre|| | ||
| 020 | |a 960794609X | ||
| 035 | |l 10066669 | ||
| 040 | |a GR-MyUa |b gre |e AACR2 | ||
| 041 | 0 | |a gre | |
| 082 | 7 | |a 330.9499 |2 (21) | |
| 245 | 0 | 0 | |a Παρατηρητήριο Βαλκανίων : |b Βουλγαρία. |
| 260 | |a Αθήνα : |b ΙΣΤΑΜΕ, |c 1999. | ||
| 300 | |a 64 σ. : |b πιν. ; |c 24 εκ. | ||
| 651 | 0 | |a Bulgaria |x Economic conditions. | |
| 651 | 0 | |a Bulgaria |x Population. | |
| 710 | 2 | |a Ινστιτούτο Στρατηγικών και Αναπτυξιακών Μελετών "Ανδρέας Παπανδρέου". | |
| 852 | |a INST |b LESVOS |e 20010326 |h 330.9499 ΙΝΣ |p 005100027166 |q 005100027166 |t BK |y 0 | ||
| 852 | |a INST |b LESVOS |e 20010326 |h 330.9499 ΙΝΣ |p 005100027167 |q 005100027167 |t BK |y 0 | ||
| 852 | |a INST |b RHODES |e 20030207 |h 330.9499 ΙΝΣ |p 005400015794 |q 005400015794 |t BK |y 0 | ||
| 852 | |a INST |b SYROS |e 20021125 |h 306.09499 ΙΝΣ |p 005500000059 |q 005500000059 |t BK |y 0 | ||
| 852 | |a INST |b SYROS |e 20030218 |h 306.09499 ΙΝΣ |p 005500002351 |q 005500002351 |t BK |y 0 | ||
| 901 | |a BIBL5-2002-3 | ||
| 901 | |a BIBL1-2001-1 | ||
| 901 | |a BIBL4-2003-1 | ||
| 970 | |a Τζαφέρη |b Ευαγγελία |z 26/03/2001 | ||